000
00259nam a2200109Ia 4500
008
231212s1971 xx 000 0 und d
041
_a
eng
082
_a
621.31042
100
_a
Kurosh A.G.
245
_a
Algebric Equatios of
260
_a
Mascow
_b
Mir Pub
_c
1971
999
_c
958517
_d
958517